000 00696 a2200181 4500
003 Nust
005 20170207153212.0
040 _cNust
082 _a005.1
100 _aTehsin , Samabia (MSCS-12)
245 _aImage - based network anomaly detection technique
_cSamabia Tehsin
260 _bMCS,NUST
_c2007
_aRawalpindi
300 _avii,63, p.;
505 _aIntroduction (page-1) Literature review (page-4) Aggregated traffic analysis (page-8) Traffic image-based anomaly detection (page-12) Detection and identification mechanism (page-22) Results and analysis (page-27) Conclusion and future work (page-38)
538 _aAlmirah No 73 Shelf No 2
650 _aPG Thesis
651 _aMSCS-12
942 _cTHS
999 _c181429
_d181429